000 01312njm a22002777a 4500
005 20100906144220.0
006 a|||||r|||||00| 0
007 sd ammalaaahaa
008 100901t xxu||||| |||| 00| 0 eng d
028 _aGE 32322
_bColumbia
035 _aGR-911
040 _aSED
_cSED
100 _aMangeshkar, Lata
_917825
245 _aSuvarna sundari /
_cby Lata Mangeshkar, Rafi; lyrics by Bharat Vyas; music by Adi Narayan Rau
_h[sound recording]
246 _aसुवर्ण सुंदरी / लता मंगेशकर
260 _aMiddlesex, England
_bColumbia
300 _a1 sound disc [Gramophone Recording] :
_banalog, 33 1/3 rpm
_c9.5 in. (MP)
_fGramophone Records
500 _aBrief record
505 _aSide-1 कुहू कुहू बोले कोयलिया- सुवर्ण सुंदरी (kuhu kuhu bole koyalia) (Lata Mangeshkar), Side-2 कुहू कुहू बोले कोयलिया- सुवर्ण सुंदरी (kuhu kuhu bole koyalia) (Lata Mangeshkar)
650 _aClassical music
_xExcerpts
_zIndia
_917826
700 _917827
_aRafi
700 _917828
_aVyas, Bharat
700 _aRau, Adi Narayan
_918602
942 _2ddc
_cGR
999 _c44023
_d44023